[Event "14.Zlata Praha-B"]
[Site "Praha"]
[Date "2018.07.04"]
[Round "5.11"]
[White "Kosar, Milan"]
[Black "Krnak, Vladimir"]
[Result "1/2-1/2"]
[WhiteElo "1659"]
[BlackElo "1712"]
[PlyCount "64"]
[EventDate "2018.06.30"]
[EventType "swiss"]
[EventRounds "9"]
[EventCountry "CZE"]

1. e4 e5 2. Nf3 Nc6 3. Bc4 Bc5 4. d3 Nf6 5. Nc3 h6 6. h3 O-O 7. O-O a6 8. Be3
Qe7 9. Qd2 Bxe3 10. Qxe3 d6 11. Nd5 Nxd5 12. Bxd5 Nd8 13. Nh2 c6 14. Bb3 Ne6
15. Bxe6 Bxe6 16. f4 exf4 17. Qxf4 Rad8 18. Rae1 Qc7 19. b3 Qa5 20. a4 d5 21.
e5 d4 22. Ng4 Bxg4 23. Qxg4 Rd5 24. e6 Re5 25. Rxe5 Qxe5 26. exf7+ Kh7 27. Qd7
Qe3+ 28. Kh1 Qe2 29. Rf3 g6 30. Qd6 Kg7 31. Qxd4+ Kh7 32. Qd6 Kg7 1/2-1/2

[Event "14.Zlata Praha-B"]
[Site "Praha"]
[Date "2018.07.04"]
[Round "5.12"]
[White "Pokorny, Jan"]
[Black "Stepanek, Svatopluk"]
[Result "1-0"]
[WhiteElo "1879"]
[BlackElo "1841"]
[PlyCount "155"]
[EventDate "2018.06.30"]
[EventType "swiss"]
[EventRounds "9"]
[EventCountry "CZE"]

1. Nf3 d5 2. d4 Nf6 3. Bg5 h6 4. Bh4 c6 5. Nbd2 Bf5 6. Bxf6 exf6 7. c3 Bd6 8.
g3 Nd7 9. Bg2 Nf8 10. O-O Ne6 11. e4 dxe4 12. Nh4 Bh7 13. Bxe4 Bxe4 14. Nxe4
Bc7 15. Qb3 O-O 16. Qxb7 Qd5 17. Nc5 Rfb8 18. Qa6 Ng5 19. f3 Rxb2 20. Nd3 Rb5
21. Nb4 Rxb4 22. cxb4 Qxd4+ 23. Kh1 Bb6 24. Qe2 Qxb4 25. Rab1 Qa5 26. Rfd1 Nh3
27. Kg2 Nf2 28. Rd7 Qh5 29. Rxb6 axb6 30. Qxf2 f5 31. f4 Re8 32. Rd2 c5 33. Qf3
Qg4 34. h3 Qxf3+ 35. Nxf3 Ra8 36. Ne5 f6 37. Nd7 Ra6 38. Rb2 c4 39. h4 c3 40.
Rc2 b5 41. Nc5 Ra3 42. Kf2 Kf7 43. Ke3 Ke7 44. Kd4 Kd6 45. Nd3 h5 46. Nc1 Ra4+
47. Kxc3 Kd5 48. Kb3 Rd4 49. Rc7 Rd3+ 50. Rc3 Rd2 51. a3 Rg2 52. Na2 Kd4 53.
Nb4 Rg1 54. Nc6+ Ke4 55. Kb4 Rb1+ 56. Rb3 Rxb3+ 57. Kxb3 Kf3 58. Nd4+ Kxg3 59.
Nxb5 Kxh4 60. a4 Kg3 61. a5 h4 62. a6 h3 63. a7 h2 64. a8=Q Kf2 65. Qh1 Kg3 66.
Kc3 g5 67. Nd4 g4 68. Ne2+ Kh3 69. Qf1+ Kh4 70. Qg2 Kh5 71. Qxh2+ Kg6 72. Qg3
Kf7 73. Kd4 Ke7 74. Kd5 Kf7 75. Kd6 Ke8 76. Qh4 g3 77. Qxf6 g2 78. Qe7# 1-0

[Event "14.Zlata Praha-B"]
[Site "Praha"]
[Date "2018.07.04"]
[Round "5.13"]
[White "Zabehlicky, Jiri"]
[Black "Veselsky, Jan"]
[Result "1/2-1/2"]
[WhiteElo "1490"]
[BlackElo "1720"]
[PlyCount "180"]
[EventDate "2018.06.30"]
[EventType "swiss"]
[EventRounds "9"]
[EventCountry "CZE"]

1. e4 c6 2. d4 d5 3. exd5 cxd5 4. Bd3 Nc6 5. c3 Nf6 6. Nf3 g6 7. Be3 Bg7 8. h3
Bf5 9. Bxf5 gxf5 10. Qc2 e6 11. Nbd2 Qc7 12. Nb3 Ne4 13. Qc1 Rc8 14. O-O a5 15.
Nc5 b6 16. Nd3 O-O 17. Bh6 f6 18. Bxg7 Qxg7 19. Qf4 Kh8 20. Kh1 Ne7 21. Nh4 Rg8
22. Rg1 Ng6 23. Nxg6+ Qxg6 24. g4 fxg4 25. Rxg4 Qh5 26. Kh2 Rxg4 27. Qxg4 Qf7
28. Rg1 Rg8 29. Qxg8+ Qxg8 30. Rxg8+ Kxg8 31. Kg2 Kf7 32. Nf4 Ke7 33. f3 Nd6
34. b3 Nf5 35. Kf2 Kd6 36. Nd3 e5 37. dxe5+ fxe5 38. Ke2 Ng7 39. Ke3 Nf5+ 40.
Ke2 Ne7 41. Ke3 Nc6 42. f4 e4 43. Nb2 Ne7 44. Ke2 b5 45. a3 Nf5 46. b4 axb4 47.
axb4 Ke6 48. Nd1 Nd6 49. Ne3 h6 50. Kf2 Nf5 51. Nc2 h5 52. Ke2 Kd6 53. Kf2 Ke6
54. Ke2 h4 55. Kf2 Kd6 56. Ke2 Kc6 57. Kd2 Kd6 58. Ke2 Ng3+ 59. Kf2 Nf5 60. Ke2
Ke6 61. Kf2 Kd6 62. Ke2 Ng3+ 63. Kf2 Nf5 64. Ke2 Kc6 65. Kf2 Kd6 66. Ke2 Ng3+
67. Kf2 Nf5 68. Ke2 Ke6 69. Kf2 Kd6 70. Ke2 Ng3+ 71. Kf2 Nf5 72. Ke2 Kd7 73.
Kf2 Ke6 74. Ke2 Ng3+ 75. Kf2 Nf5 76. Ke2 Ng3+ 77. Kf2 Nf5 78. Ke2 Ng3+ 79. Kf2
Nf5 80. Ke2 Ng3+ 81. Kf2 Nf5 82. Ke2 Kd6 83. Kf2 Kc6 84. Ke2 Ng3+ 85. Kf2 Nf5
86. Ke2 Kd6 87. Kf2 Ke6 88. Ke2 Ng3+ 89. Kf2 Nf5 90. Ke2 Kd6 1/2-1/2

[Event "14.Zlata Praha-B"]
[Site "Praha"]
[Date "2018.07.04"]
[Round "5.14"]
[White "Zacek, Petr"]
[Black "Tichy, Tomas"]
[Result "1-0"]
[WhiteElo "1528"]
[BlackElo "1180"]
[PlyCount "145"]
[EventDate "2018.06.30"]
[EventType "swiss"]
[EventRounds "9"]
[EventCountry "CZE"]

1. e4 c5 2. Nf3 g6 3. d4 cxd4 4. Nxd4 Bg7 5. Nc3 Nc6 6. Be3 Nf6 7. Be2 O-O 8.
O-O d5 9. Nxc6 bxc6 10. e5 Nd7 11. f4 c5 12. Qxd5 Qb6 13. b3 e6 14. Qd2 Rd8 15.
Rad1 Bb7 16. Na4 Qc7 17. Qc3 Rac8 18. Nb2 Bf8 19. Nc4 Bd5 20. Bf2 Be7 21. Rd2
Nb6 22. Rfd1 Rd7 23. Nxb6 axb6 24. Qh3 Rdd8 25. c4 Bc6 26. Rxd8+ Rxd8 27. Rxd8+
Qxd8 28. Qd3 Bd7 29. Bf3 Qc7 30. g3 Be8 31. Qe4 Qd8 32. Be3 Qb8 33. Qb7 Qd8 34.
Kf2 Kg7 35. Ke2 Bd7 36. Qa8 Qc7 37. Qb7 Qd8 38. Qe4 Qc7 39. h3 Qb8 40. h4 h5
41. Qd3 Qc7 42. Qe4 Qb8 43. Qc2 Qa7 44. Qd2 Qc7 45. Bf2 Qa7 46. g4 hxg4 47.
Bxg4 Qc7 48. h5 gxh5 49. Bxh5 Qc8 50. Qe3 Qh8 51. Qg3+ Kf8 52. Bf3 Qh7 53. Kd2
Qh8 54. Be4 Be8 55. Qd3 Qh2 56. Qg3 Qh8 57. f5 exf5 58. Bxf5 Qh6+ 59. Be3 Qh8
60. Be4 Bh4 61. Qf4 Be7 62. Kd3 Kg8 63. Qg4+ Qg7 64. Qxg7+ Kxg7 65. Bf4 f6 66.
exf6+ Bxf6 67. Bd5 Bg6+ 68. Be4 Bxe4+ 69. Kxe4 Bd8 70. Kd5 Kf7 71. Kc6 Ke6 72.
Bc7 Be7 73. Bxb6 1-0

[Event "14.Zlata Praha-B"]
[Site "Praha"]
[Date "2018.07.04"]
[Round "5.15"]
[White "Nemecek, Pavel st."]
[Black "Vavrova, Jirina"]
[Result "1-0"]
[WhiteElo "1886"]
[BlackElo "1124"]
[PlyCount "59"]
[EventDate "2018.06.30"]
[EventType "swiss"]
[EventRounds "9"]
[EventCountry "CZE"]

1. e4 d6 2. d4 Nf6 3. Nc3 c6 4. Nf3 g6 5. Be2 b5 6. a3 a6 7. O-O Bg4 8. Be3
Nbd7 9. Re1 e6 10. h3 h5 11. hxg4 hxg4 12. Nh2 Qc7 13. Nxg4 O-O-O 14. d5 e5 15.
dxc6 Qxc6 16. Nxf6 Nxf6 17. f3 Nh5 18. Nd5 Kb8 19. c4 Ng3 20. cxb5 Nxe2+ 21.
Qxe2 axb5 22. Rec1 Qa6 23. a4 Rc8 24. axb5 Qb7 25. Ba7+ Ka8 26. Rxc8+ Qxc8 27.
Nb6+ Kb7 28. Nxc8 Be7 29. Nxe7 f5 30. Qc4 1-0

[Event "14.Zlata Praha-B"]
[Site "Praha"]
[Date "2018.07.04"]
[Round "5.16"]
[White "Tesar, Jakub"]
[Black "Gacho, Ondrej"]
[Result "1/2-1/2"]
[WhiteElo "1299"]
[BlackElo "1337"]
[PlyCount "83"]
[EventDate "2018.06.30"]
[EventType "swiss"]
[EventRounds "9"]
[EventCountry "CZE"]

1. e4 c5 2. Nc3 d6 3. Nf3 g6 4. d4 cxd4 5. Nxd4 Nc6 6. Be3 Bg7 7. Bb5 Bd7 8.
Qd2 Rc8 9. O-O a6 10. Bxc6 bxc6 11. Rad1 Nf6 12. Bh6 O-O 13. Bxg7 Kxg7 14. Qd3
c5 15. e5 dxe5 16. Nf3 c4 17. Qe2 Qc7 18. Qxe5 Qxe5 19. Nxe5 Bf5 20. Rd2 Ne4
21. Nxe4 Bxe4 22. Re1 Bf5 23. c3 f6 24. Nd7 Rfd8 25. Rxe7+ Kh6 26. h4 Bxd7 27.
Rdxd7 Rxd7 28. Rxd7 Rc6 29. Kh2 Rb6 30. Rd2 Kh5 31. Kh3 f5 32. f3 Kh6 33. g4
fxg4+ 34. fxg4 Re6 35. Rd7 g5 36. h5 Re3+ 37. Kg2 Re2+ 38. Kf3 Rxb2 39. Rd6+
Kg7 40. Rxa6 Rc2 41. Ra3 Rd2 42. Ke3 1/2-1/2

[Event "14.Zlata Praha-B"]
[Site "Praha"]
[Date "2018.07.04"]
[Round "5.17"]
[White "Nemecek, Pavel ml."]
[Black "Feierfeil, Jiri"]
[Result "0-1"]
[WhiteElo "1383"]
[BlackElo "1807"]
[PlyCount "62"]
[EventDate "2018.06.30"]
[EventType "swiss"]
[EventRounds "9"]
[EventCountry "CZE"]

1. e4 c5 2. Nf3 d6 3. d4 cxd4 4. Nxd4 a6 5. Nc3 Nf6 6. f3 e6 7. Be3 Be7 8. Qd2
b5 9. O-O-O Bb7 10. Nb3 O-O 11. g4 Nc6 12. h4 Ne5 13. Be2 Nc4 14. Bxc4 bxc4 15.
Nd4 Nd7 16. Nde2 Qa5 17. a3 Ne5 18. Nd4 Rab8 19. Qe2 d5 20. f4 Nc6 21. g5 dxe4
22. Nxe4 c3 23. Nb3 cxb2+ 24. Kxb2 Qxa3+ 25. Kb1 Nb4 26. Nc3 Bxh1 27. Bc1 Nd5
28. Nxd5 Rxb3+ 29. cxb3 Qxb3+ 30. Qb2 Qxb2+ 31. Bxb2 Bxd5 0-1

[Event "14.Zlata Praha-B"]
[Site "Praha"]
[Date "2018.07.04"]
[Round "5.18"]
[White "Konvalinka, Vladislav"]
[Black "Rous, Dominik"]
[Result "1-0"]
[WhiteElo "1725"]
[BlackElo "1226"]
[PlyCount "47"]
[EventDate "2018.06.30"]
[EventType "swiss"]
[EventRounds "9"]
[EventCountry "CZE"]

1. d4 d5 2. c4 c6 3. e3 Bf5 4. Nc3 e6 5. Nf3 a6 6. Bd3 Bg6 7. O-O Nf6 8. Re1
Bd6 9. e4 Bb4 10. Bg5 dxe4 11. Bxe4 Bxe4 12. Rxe4 h6 13. Bxf6 Qxf6 14. Qb3 Qe7
15. d5 Nd7 16. dxe6 fxe6 17. Re2 Bxc3 18. Qxc3 O-O 19. Rae1 Rf6 20. Nd4 Nc5 21.
b4 Na4 22. Qb3 Nb6 23. Nxe6 Re8 24. Nd4 1-0

[Event "14.Zlata Praha-B"]
[Site "Praha"]
[Date "2018.07.05"]
[Round "6.1"]
[White "Rudiano, Nicolas"]
[Black "Gregor, Jiri"]
[Result "1/2-1/2"]
[WhiteElo "2053"]
[BlackElo "2290"]
[PlyCount "24"]
[EventDate "2018.06.30"]
[EventType "swiss"]
[EventRounds "9"]
[EventCountry "CZE"]

1. e4 c5 2. Nf3 Nc6 3. Nc3 g6 4. d4 cxd4 5. Nxd4 Bg7 6. Be3 Nf6 7. Be2 d6 8.
O-O O-O 9. Nb3 a6 10. a4 Be6 11. f4 Qc8 12. Nd5 Bxd5 1/2-1/2

[Event "14.Zlata Praha-B"]
[Site "Praha"]
[Date "2018.07.05"]
[Round "6.2"]
[White "Rosenbaumova, Lea"]
[Black "Sakovski, Roman"]
[Result "1-0"]
[WhiteElo "1662"]
[BlackElo "1000"]
[PlyCount "127"]
[EventDate "2018.06.30"]
[EventType "swiss"]
[EventRounds "9"]
[EventCountry "CZE"]

1. e4 d6 2. d4 e5 3. Nf3 Bg4 4. dxe5 Nc6 5. h3 Bh5 6. Bb5 Qd7 7. Bf4 O-O-O 8.
Nc3 Qe8 9. Qe2 dxe5 10. Bxc6 Qxc6 11. Nxe5 Qxc3+ 12. bxc3 Bxe2 13. Kxe2 Bd6 14.
Rhd1 Nh6 15. Rd5 Rhe8 16. f3 f5 17. Rad1 fxe4 18. fxe4 Ng8 19. Bg5 Nf6 20. Bxf6
gxf6 21. Nf7 Rxe4+ 22. Kd3 Rde8 23. Rxd6 R4e7 24. Rxf6 Rd7+ 25. Nd6+ Rxd6+ 26.
Rxd6 cxd6 27. Rf1 Re7 28. g4 Kc7 29. g5 Kc6 30. Rf6 Kc5 31. Rf5+ Kc6 32. c4 a6
33. h4 b5 34. cxb5+ axb5 35. h5 Ra7 36. Rf8 Rxa2 37. g6 hxg6 38. hxg6 Ra3+ 39.
c3 Ra7 40. Rg8 Kd5 41. g7 Rf7 42. Ke3 Re7+ 43. Kf4 Ke6 44. Rb8 Rxg7 45. Rxb5
Rc7 46. Rb3 Kd5 47. Ke3 Kc4 48. Rb1 Rh7 49. Rd1 Rh3+ 50. Ke4 d5+ 51. Ke5 Rh5+
52. Kd6 Rh6+ 53. Ke5 Rh4 54. Rd4+ Kxc3 55. Rxh4 d4 56. Rxd4 Kc2 57. Rh4 Kd3 58.
Rg4 Kc3 59. Kd5 Kb3 60. Kc5 Ka3 61. Kb5 Kb3 62. Rg3+ Kc2 63. Kc4 Kd2 64. Kd4
1-0

[Event "14.Zlata Praha-B"]
[Site "Praha"]
[Date "2018.07.05"]
[Round "6.3"]
[White "Krivanek, Vladimir"]
[Black "Groh, Jiri"]
[Result "1-0"]
[WhiteElo "2109"]
[BlackElo "2097"]
[PlyCount "136"]
[EventDate "2018.06.30"]
[EventType "swiss"]
[EventRounds "9"]
[EventCountry "CZE"]

1. e4 c5 2. Nc3 Nc6 3. Bb5 g6 4. Bxc6 dxc6 5. d3 Bg7 6. Be3 b6 7. Qd2 Nf6 8. h3
O-O 9. f4 e5 10. fxe5 Nd7 11. Nf3 Nxe5 12. Nxe5 Bxe5 13. O-O-O Be6 14. g4 Bd4
15. Bh6 Re8 16. Kb1 b5 17. Ne2 Bh8 18. Rhf1 b4 19. Nf4 Qd4 20. Qc1 a5 21. Ne2
Qd7 22. Be3 Qe7 23. Bg5 f6 24. Bh4 Bf7 25. c4 a4 26. Rf3 a3 27. b3 g5 28. Bf2
Bg6 29. Ng3 Rad8 30. Nf5 Bxf5 31. Rxf5 Qd7 32. Qe3 Qd4 33. Qxd4 cxd4 34. Be1
Rb8 35. Bg3 Rbd8 36. Bc7 Rd7 37. Bb6 Kf7 38. Rdf1 Kg6 39. Rc5 Re6 40. Ra5 Bg7
41. Bc5 Re5 42. Bxb4 Rxa5 43. Bxa5 Bf8 44. Kc2 h5 45. gxh5+ Kxh5 46. Rxf6 Bg7
47. Rf5 Kh4 48. Be1+ Kxh3 49. Rxg5 Bf8 50. Rg3+ Kh2 51. Rf3 Bg7 52. b4 Kg2 53.
Rf5 Bh6 54. Rf6 Be3 55. e5 Re7 56. e6 Bg1 57. Kb3 Bh2 58. Bh4 Kh3 59. Rh6 Re8
60. Bf2+ Kg2 61. Bxd4 Bf4 62. Rf6 Kg3 63. Kxa3 Bg5 64. Rg6 Kh4 65. e7 Kh5 66.
Re6 Bxe7 67. Kb3 Rd8 68. Rxe7 Rxd4 1-0

[Event "14.Zlata Praha-B"]
[Site "Praha"]
[Date "2018.07.05"]
[Round "6.4"]
[White "Nemecek, Lukas"]
[Black "Janacek, Jaroslav"]
[Result "0-1"]
[WhiteElo "1651"]
[BlackElo "1989"]
[PlyCount "88"]
[EventDate "2018.06.30"]
[EventType "swiss"]
[EventRounds "9"]
[EventCountry "CZE"]

1. e4 d6 2. d4 Nf6 3. Nc3 g6 4. Nf3 Bg7 5. Be2 O-O 6. O-O Bg4 7. h3 Bxf3 8.
Bxf3 Nc6 9. Be3 e5 10. d5 Nb8 11. Qd2 c6 12. Bg5 Qc7 13. Bxf6 Bxf6 14. g4 Qe7
15. Qd3 Rd8 16. b4 a5 17. a3 Nd7 18. Rfd1 axb4 19. axb4 c5 20. Qb5 cxb4 21.
Rxa8 Rxa8 22. Na4 Rc8 23. Rd2 Bg5 24. Re2 Nc5 25. Nb6 Rd8 26. Qxb4 Qf6 27. Bg2
Kg7 28. Qc3 Rh8 29. Qf3 Qd8 30. Nc4 b5 31. Nd2 h5 32. gxh5 Rxh5 33. Nf1 Rh4 34.
Ne3 Rf4 35. Qg3 Kf8 36. Nf1 b4 37. Nd2 Bh4 38. Qe3 Qa5 39. f3 Na4 40. Nc4 Qa6
41. Qb3 Nc3 42. Rd2 Qa1+ 43. Kh2 Qe1 44. Qxb4 Bg3# 0-1

[Event "14.Zlata Praha-B"]
[Site "Praha"]
[Date "2018.07.05"]
[Round "6.5"]
[White "Salac, Jiri"]
[Black "Drabek, Vojtech"]
[Result "0-1"]
[WhiteElo "2007"]
[BlackElo "2130"]
[PlyCount "78"]
[EventDate "2018.06.30"]
[EventType "swiss"]
[EventRounds "9"]
[EventCountry "CZE"]

1. d4 Nf6 2. c4 e6 3. Nc3 Bb4 4. Qc2 d5 5. a3 Bxc3+ 6. bxc3 c5 7. Nf3 O-O 8. e3
Nc6 9. Bd3 dxc4 10. Bxc4 Qc7 11. O-O e5 12. dxe5 Nxe5 13. Nxe5 Qxe5 14. f3 Be6
15. Bxe6 Qxe6 16. e4 Nd7 17. Bf4 Rfd8 18. Rab1 Qa6 19. Qb3 b6 20. Rfd1 Nf8 21.
Kf2 Ne6 22. Be3 Qb7 23. a4 Qc7 24. g3 c4 25. Qb5 h6 26. Ke2 Rac8 27. Rbc1 Qe7
28. Rxd8+ Rxd8 29. Qxc4 Qa3 30. Rc2 Qa1 31. Rc1 Qb2+ 32. Ke1 Qxh2 33. Qe2 Qxg3+
34. Bf2 Qe5 35. Be3 Rc8 36. Qd3 Qg3+ 37. Bf2 Qh2 38. Qe3 Nf4 39. Kf1 Qh3+ 0-1

[Event "14.Zlata Praha-B"]
[Site "Praha"]
[Date "2018.07.05"]
[Round "6.6"]
[White "Pribyl, Josef"]
[Black "Pokorny, Jan"]
[Result "1-0"]
[WhiteElo "2263"]
[BlackElo "1879"]
[PlyCount "105"]
[EventDate "2018.06.30"]
[EventType "swiss"]
[EventRounds "9"]
[EventCountry "CZE"]

1. Nf3 c5 2. c4 Nf6 3. Nc3 d6 4. d4 cxd4 5. Nxd4 g6 6. g3 Nc6 7. Bg2 Nxd4 8.
Qxd4 Bg7 9. O-O O-O 10. Qh4 a6 11. Bh6 Qa5 12. Rac1 Be6 13. Bxg7 Kxg7 14. Qd4
Rab8 15. a3 Qe5 16. Qxe5 dxe5 17. c5 Bb3 18. Nb1 Rfd8 19. Rc3 Bd5 20. b4 Bxg2
21. Kxg2 Nd5 22. Rc2 Nc7 23. Nc3 Rd4 24. Rb1 Rc4 25. Rbc1 Rd8 26. Kf3 f5 27. e3
Rd3 28. Ke2 e4 29. h4 h6 30. f3 Kf7 31. g4 Ke6 32. h5 Rd8 33. gxf5+ gxf5 34.
fxe4 fxe4 35. Nd1 Rxc2+ 36. Rxc2 Rg8 37. Rc4 Kf5 38. Nf2 Rg2 39. Kf1 Rh2 40.
Nxe4 Ra2 41. Ng3+ Kg5 42. c6 bxc6 43. Rxc6 Nb5 44. Rxa6 Kg4 45. Ne2 Kf3 46.
Ng1+ Kg3 47. Rg6+ Kh4 48. Rxh6 Rxa3 49. Re6 Nc3 50. h6 Ra8 51. Ne2 Nd5 52. Re4+
Kh3 53. Nf4+ 1-0

[Event "14.Zlata Praha-B"]
[Site "Praha"]
[Date "2018.07.05"]
[Round "6.7"]
[White "Sargsyan, Karen"]
[Black "Kronowetter, Borivoj"]
[Result "0-1"]
[WhiteElo "1961"]
[BlackElo "1895"]
[PlyCount "72"]
[EventDate "2018.06.30"]
[EventType "swiss"]
[EventRounds "9"]
[EventCountry "CZE"]

1. c4 Nf6 2. Nf3 g6 3. g3 Bg7 4. Bg2 c6 5. Nc3 d5 6. cxd5 cxd5 7. d4 O-O 8. O-O
Nc6 9. Bg5 h6 10. Bf4 g5 11. Bc1 b6 12. Re1 Bb7 13. a3 Rc8 14. h4 gxh4 15. Nxh4
e6 16. e3 Na5 17. e4 dxe4 18. Nxe4 Nxe4 19. Bxe4 Qxd4 20. Qxd4 Bxd4 21. Bxh6
Bxb2 22. Ra2 Bc3 23. Ree2 Rfd8 24. Bg5 Rd1+ 25. Kg2 Ba6 26. Rec2 Bc4 27. Rxc3
Bf1+ 28. Kh2 Rxc3 29. Ng2 f5 30. Bc2 Bc4 31. Rb2 Rf1 32. Bb1 Bd5 33. Ba2 Nc4
34. Re2 Rxa3 35. Rc2 Ne5 36. Bxd5 Ng4+ 0-1

[Event "14.Zlata Praha-B"]
[Site "Praha"]
[Date "2018.07.05"]
[Round "6.8"]
[White "Mach, Petr"]
[Black "Fiser, Jiri"]
[Result "1/2-1/2"]
[WhiteElo "1656"]
[BlackElo "1914"]
[PlyCount "86"]
[EventDate "2018.06.30"]
[EventType "swiss"]
[EventRounds "9"]
[EventCountry "CZE"]

1. c4 e5 2. Nc3 Nc6 3. g3 g6 4. Bg2 Bg7 5. Nf3 f5 6. d3 Nf6 7. O-O d6 8. Qb3 h6
9. e4 fxe4 10. dxe4 O-O 11. c5+ Kh7 12. Rd1 Qe7 13. cxd6 cxd6 14. Nd5 Nxd5 15.
Qxd5 Bg4 16. Rd3 Nb4 17. Qxd6 Qxd6 18. Ng5+ hxg5 19. Rxd6 Rad8 20. Rxd8 Rxd8
21. Bxg5 Rd1+ 22. Rxd1 Bxd1 23. Be3 b6 24. a3 Nc2 25. Bc1 Nd4 26. Kf1 Be2+ 27.
Ke1 Bf3 28. Bxf3 Nxf3+ 29. Ke2 Nd4+ 30. Kd3 b5 31. Be3 a6 32. Bxd4 exd4 33. f4
a5 34. e5 Bf8 35. Kxd4 Kg7 36. g4 Kf7 37. h4 b4 38. axb4 axb4 39. f5 gxf5 40.
gxf5 Bh6 41. Kc4 Bf4 42. e6+ Kf6 43. Kxb4 Kxf5 1/2-1/2

[Event "14.Zlata Praha-B"]
[Site "Praha"]
[Date "2018.07.05"]
[Round "6.9"]
[White "Koper, Stefan"]
[Black "Vit, Zdenek"]
[Result "1/2-1/2"]
[WhiteElo "1841"]
[BlackElo "1707"]
[PlyCount "135"]
[EventDate "2018.06.30"]
[EventType "swiss"]
[EventRounds "9"]
[EventCountry "CZE"]

1. d4 Nf6 2. c4 g6 3. Nc3 d5 4. cxd5 Nxd5 5. e4 Nxc3 6. bxc3 Bg7 7. Rb1 O-O 8.
Nf3 c5 9. Be2 Nc6 10. d5 Ne5 11. Nxe5 Bxe5 12. Qb3 Qd6 13. h4 e6 14. Bh6 Re8
15. Rd1 Qb6 16. c4 exd5 17. exd5 Qd6 18. Kf1 b6 19. h5 Bd4 20. Qf3 Bf5 21. Bd3
Bxd3+ 22. Rxd3 Qe5 23. Be3 Bxe3 24. fxe3 Qa1+ 25. Rd1 Qxa2 26. Rh4 Qb3 27. Re1
Qd3+ 28. Kf2 Re5 29. hxg6 fxg6 30. Rf4 Rf5 31. Rxf5 Qxf5 32. Qxf5 gxf5 33. Kf3
Re8 34. Kf4 Re4+ 35. Kxf5 Rxc4 36. e4 Rd4 37. Ke5 Rd2 38. g4 c4 39. Rc1 a5 40.
Rb1 c3 41. Rxb6 c2 42. Rc6 a4 43. d6 a3 44. d7 Rxd7 45. Rxc2 Ra7 46. Ra2 Kf7
47. Kf5 Ra5+ 48. e5 h6 49. Ke4 Ke6 50. Kd4 Ra4+ 51. Kc3 Kxe5 52. Kb3 Ra6 53.
Ra1 Kf4 54. Rg1 a2 55. Ra1 Kxg4 56. Kb2 h5 57. Rg1+ Kf5 58. Ka1 h4 59. Rh1 Kg4
60. Rg1+ Kf3 61. Rh1 Kg3 62. Rg1+ Kh2 63. Rg4 h3 64. Rg5 Ra3 65. Rg4 Rg3 66.
Rb4 Rg2 67. Rh4 Kg3 68. Rxh3+ 1/2-1/2

[Event "14.Zlata Praha-B"]
[Site "Praha"]
[Date "2018.07.05"]
[Round "6.10"]
[White "Cabart, Pavel"]
[Black "Kosar, Milan"]
[Result "1-0"]
[WhiteElo "1724"]
[BlackElo "1659"]
[PlyCount "51"]
[EventDate "2018.06.30"]
[EventType "swiss"]
[EventRounds "9"]
[EventCountry "CZE"]

1. e4 c5 2. Nf3 Nc6 3. d4 cxd4 4. Nxd4 e5 5. Nb5 a6 6. Nd6+ Bxd6 7. Qxd6 Qf6 8.
Qa3 Qg6 9. Be3 Nge7 10. Nc3 O-O 11. O-O-O b5 12. Bc5 Re8 13. Rd6 f6 14. h4 Rb8
15. h5 Qf7 16. Nd5 Nxd5 17. exd5 Ne7 18. h6 Nf5 19. hxg7 Nxd6 20. Bxd6 Ra8 21.
Bf8 Bb7 22. Rxh7 Kxh7 23. Qh3+ Kg6 24. Qg4+ Kh7 25. Qh4+ Kg6 26. Be2 1-0

[Event "14.Zlata Praha-B"]
[Site "Praha"]
[Date "2018.07.05"]
[Round "6.11"]
[White "Krnak, Vladimir"]
[Black "Zabehlicky, Jiri"]
[Result "1/2-1/2"]
[WhiteElo "1712"]
[BlackElo "1490"]
[PlyCount "113"]
[EventDate "2018.06.30"]
[EventType "swiss"]
[EventRounds "9"]
[EventCountry "CZE"]

1. d4 Nf6 2. Nf3 g6 3. c4 Bg7 4. Nc3 d6 5. e4 O-O 6. Be2 e5 7. O-O exd4 8. Nxd4
Nbd7 9. Be3 Nc5 10. f3 Ne6 11. Nc2 Bd7 12. Qd2 Ne8 13. Rab1 f5 14. exf5 Rxf5
15. Ne4 Rf8 16. b4 Nf6 17. Nxf6+ Bxf6 18. Rfd1 Bc8 19. Rb3 Bg5 20. Qd5 Bxe3+
21. Rxe3 Rf5 22. Qd3 Nf4 23. Qd2 Rg5 24. Bf1 Bh3 25. Re8+ Qxe8 26. Qxf4 Rf5 27.
Qg3 Bxg2 28. Bxg2 Qe2 29. Rc1 Qxc4 30. Qe1 Re5 31. Qf1 Qxf1+ 32. Bxf1 Rae8 33.
Kf2 b6 34. Nd4 c5 35. Nc6 Rh5 36. h3 cxb4 37. Nxa7 Rc5 38. Rb1 Ra8 39. Nb5
Rxa2+ 40. Kg3 Rg5+ 41. Kh4 Rh5+ 42. Kg4 Rd2 43. Rxb4 Rd1 44. Bc4+ Kg7 45. Be6
Rg1+ 46. Kf4 g5+ 47. Ke4 Re1+ 48. Kd5 g4+ 49. Kxd6 gxh3 50. Bxh3 Rxh3 51. f4
Rh6+ 52. Kd7 Rf6 53. Nc7 Rf7+ 54. Kc8 {Verte nebo ne, cerny misto zisku figury
si nechal dat vidle na f6 a nastalou vezovku 1:2 jeste remizoval. Presny
prubeh z tech zapisu nedam dohromady.} Rf6 55. Kd8 Ree6 56. Ne8+ Kf7 57. Nxf6 {
snad takle nejak a dale uz nevim.} 1/2-1/2

[Event "14.Zlata Praha-B"]
[Site "Praha"]
[Date "2018.07.05"]
[Round "6.12"]
[White "Melnikov, Ivan"]
[Black "Nemecek, Pavel st."]
[Result "0-1"]
[WhiteElo "1165"]
[BlackElo "1886"]
[PlyCount "56"]
[EventDate "2018.06.30"]
[EventType "swiss"]
[EventRounds "9"]
[EventCountry "CZE"]

1. e4 e6 2. d4 d5 3. exd5 exd5 4. c4 Nf6 5. Nc3 Nc6 6. Nf3 Bg4 7. h3 Bxf3 8.
Qxf3 Nxd4 9. Qd1 dxc4 10. Bxc4 Bb4 11. O-O O-O 12. Be3 Nf5 13. Qb3 Nxe3 14.
fxe3 Qe7 15. Rxf6 Qxe3+ 16. Rf2 Bc5 17. Raf1 Qd2 18. Ne4 Bxf2+ 19. Rxf2 Qe1+
20. Rf1 Qxe4 21. Bxf7+ Kh8 22. Qc3 Qe7 23. Bc4 Qc5+ 24. Kh2 c6 25. Rd1 b5 26.
Rd7 Qg5 27. Bb3 Rf2 28. Qxc6 Qf4+ 0-1

[Event "14.Zlata Praha-B"]
[Site "Praha"]
[Date "2018.07.05"]
[Round "6.13"]
[White "Veselsky, Jan"]
[Black "Zacek, Petr"]
[Result "1-0"]
[WhiteElo "1720"]
[BlackElo "1528"]
[PlyCount "81"]
[EventDate "2018.06.30"]
[EventType "swiss"]
[EventRounds "9"]
[EventCountry "CZE"]

1. d4 Nf6 2. c4 e6 3. Nc3 Bb4 4. Nf3 O-O 5. Bg5 h6 6. Bh4 d5 7. a3 Be7 8. h3
Nh5 9. Bxe7 Qxe7 10. e3 Nf6 11. Bd3 c5 12. O-O dxc4 13. Bxc4 Nbd7 14. Re1 Rd8
15. Rc1 cxd4 16. exd4 Nb6 17. Bd3 Bd7 18. Ne5 a6 19. Ne4 Rac8 20. Rxc8 Bxc8 21.
Nc5 Nbd7 22. b4 Nxe5 23. Rxe5 Rd5 24. Re3 Qd8 25. Nb3 Qc7 26. Qd2 Bd7 27. Rg3
Kf8 28. Bb1 Ba4 29. Rc3 Qd7 30. Nc5 Qb5 31. Bd3 Rxd4 32. Bxb5 Rxd2 33. Bxa4 b5
34. Bb3 Ke7 35. Rg3 g6 36. Re3 Nd5 37. Bxd5 Rxd5 38. Nxa6 Rd1+ 39. Kh2 Rf1 40.
Kg3 Ra1 41. Nc7 1-0

[Event "14.Zlata Praha-B"]
[Site "Praha"]
[Date "2018.07.05"]
[Round "6.14"]
[White "Postranecka, Zuzana"]
[Black "Gacho, Ondrej"]
[Result "1-0"]
[WhiteElo "1501"]
[BlackElo "1337"]
[PlyCount "43"]
[EventDate "2018.06.30"]
[EventType "swiss"]
[EventRounds "9"]
[EventCountry "CZE"]

1. e4 e5 2. Nf3 Nf6 3. Nc3 Nc6 4. d4 exd4 5. Nxd4 Bc5 6. Be3 Nxd4 7. Bxd4 Bb4
8. Bd3 O-O 9. O-O Re8 10. e5 Bxc3 11. Bxc3 Nd5 12. Bxh7+ Kxh7 13. Qxd5 Re6 14.
f4 Qh4 15. Rf3 Kg8 16. f5 Rh6 17. Rh3 Qg5 18. Bd2 Qxf5 19. Bxh6 gxh6 20. Rxh6
d6 21. Rf1 Qd7 22. e6 1-0

[Event "14.Zlata Praha-B"]
[Site "Praha"]
[Date "2018.07.05"]
[Round "6.15"]
[White "Stepanek, Svatopluk"]
[Black "Tesar, Jakub"]
[Result "1/2-1/2"]
[WhiteElo "1841"]
[BlackElo "1299"]
[PlyCount "53"]
[EventDate "2018.06.30"]
[EventType "swiss"]
[EventRounds "9"]
[EventCountry "CZE"]

1. e4 e5 2. Nf3 Nc6 3. Bc4 Bc5 4. O-O Nf6 5. d4 Bxd4 6. Nxd4 Nxd4 7. Bg5 h6 8.
Bh4 d6 9. f4 Bg4 10. Qd2 Nxe4 11. Qxd4 exd4 12. Bxd8 Rxd8 13. f5 d5 14. Bd3 g6
15. fxg6 fxg6 16. h3 Be6 17. Re1 Kf7 18. Bxe4 dxe4 19. Rxe4 Bf5 20. Re2 Rhe8
21. Rxe8 Rxe8 22. Na3 Re2 23. g4 Bxc2 24. Nb5 d3 25. Nc3 Re8 26. Rf1+ Kg7 27.
Rf2 1/2-1/2

[Event "14.Zlata Praha-B"]
[Site "Praha"]
[Date "2018.07.05"]
[Round "6.16"]
[White "Tichy, Tomas"]
[Black "Konvalinka, Vladislav"]
[Result "0-1"]
[WhiteElo "1180"]
[BlackElo "1725"]
[PlyCount "52"]
[EventDate "2018.06.30"]
[EventType "swiss"]
[EventRounds "9"]
[EventCountry "CZE"]

1. e4 e6 2. d4 d5 3. Nc3 Nf6 4. e5 Nfd7 5. Bd3 c5 6. Be3 cxd4 7. Bxd4 Nc6 8.
Bb5 Nxd4 9. Qxd4 a6 10. Bd3 Bc5 11. Qf4 Qb6 12. Rb1 Qc7 13. Nf3 f6 14. Qg3 Nxe5
15. O-O Nxf3+ 16. Qxf3 O-O 17. Rfe1 Bd7 18. Qh5 f5 19. Re2 Rf6 20. h3 Raf8 21.
Kh1 Ba7 22. f3 Bb8 23. g4 Rh6 24. Qg5 Rxh3+ 25. Kg1 Qg3+ 26. Rg2 Ba7+ 0-1